Obras de D. Ramón Nocedal: discursos III. Política general, Cortes de 1891 a 92. La cuestión de Cuba

Tallennettuna:
Bibliografiset tiedot
Päätekijä: Nocedal, Ramón (Nocedal y Romea, Ramón) (autor)
Aineistotyyppi: Kirja
Kieli:espanja
Julkaistu: Madrid Imprenta de Fortanet 1910
Painos:1a. ed
Aiheet:
Tagit: Lisää tagi
Ei tageja, Lisää ensimmäinen tagi!

MARC

LEADER 00000cam a2200000 a 4500
001 UCE9860
003 CL-VaPUC
008 151106e19100000sp |||||||||||||||||spa|d
082 0 4 |a 865  |b NOC  |2 21 
100 |a Nocedal, Ramón   |q (Nocedal y Romea, Ramón)  |e autor  |9 582823 
245 1 0 |a Obras de D. Ramón Nocedal: discursos III. Política general, Cortes de 1891 a 92. La cuestión de Cuba 
250 |a 1a. ed 
300 |a t 
942 |c BK 
945 |d 20151106 14:16:00  |a gsalatino 
260 |a Madrid  |b Imprenta de Fortanet  |c 1910 
500 |a Discurso pronunciado en el Circulo Católico Nacional de Madrid 
650 7 |a DISCURSOS ESPAÑOLES  |2 CL-VaPUC  |9 321290 
650 7 |a ORATORIA ESPAÑOLA  |2 CL-VaPUC  |9 321291 
583 |a last modification  |c 20151106 14:16:00  |k Rodrigo Vera 
999 |c 361503  |d 361501 
952 |0 0  |1 0  |3 erd  |4 0  |6 865_000000000000000_NOC_1910  |7 0  |8 P  |9 472064  |a BIBTEO  |b BIBTES  |c TEO_FTES  |h t.5  |i 5208629  |o 865 NOC 1910  |p 5208629  |r 2024-01-18  |w 2019-11-24  |y BK  |z Catalogado en:20151106  |k ICR